Turisztikai fejlesztések vizsgálata a Balaton-felvidéken

Bibliográfiai részletek
Szerző: Odrobina Anett
További közreműködők: Kovács dr. Miklós
Dokumentumtípus: Diplomadolgozat
Kulcsszavak:állami támogatások
Balaton
fejlesztések
Széchenyi Terv
turizmusfejlesztés
Online Access:http://dolgozattar.uni-bge.hu/60160

MARC

LEADER 00000nta a2200000 i 4500
001 dolg60160
005 20260409150052.0
008 260409suuuu hu om 000 hun d
040 |a BGE Dolgozattár Repozitórium  |b hun 
041 |a hu 
100 1 |a Odrobina Anett 
245 1 0 |a Turisztikai fejlesztések vizsgálata a Balaton-felvidéken  |c Odrobina Anett  |h [elektronikus dokumentum] 
520 3 |a A Balaton környékének fejlesztései, az állami pályázatok és a beruházások az utóbbi években különös figyelmet kaptak, és számomra, mint turizmus hallgató ez izgalmas kutatási lehetőséget kínál. Szeretném feltérképezni, hogyan jelennek meg ezek a fejlesztések a Balaton felvidéken, és hogy az állami döntések és támogatások milyen hatással vannak a helyi közösségekre. Különösen érdekel, hogy a nemzeti turizmusfejlesztési stratégiában megfogalmazott fenntartható turizmusra vonatkozó célkitűzések hogyan tükröződnek a 2 valóságban, és vajon milyen hatással vannak a helyiekre. Emellett kíváncsi vagyok, hogy a Balatonra látogatók milyen szempontok szerint választanak úti célt, mit keresnek a régióban, milyen elvárásaik vannak, és hogyan érzékelik a helyi fejlesztéseket. Mindezek alapján szeretném megvizsgálni, hogy a fenntarthatóságra vonatkozó elvárások megjelennek-e keresleti oldalon, és amennyiben igen, ez milyen szinten határozza meg az utazók döntéseit utazásaik megszervezésekor. A dolgozatom célja, hogy a Balaton-felvidék turisztikai helyzetét felmérje, figyelembe véve a fejlesztéseket. A kutatás során olyan hipotéziseket fogalmaztam meg, amelyek az utazók, és a helyi lakosok döntéseit, reakcióit, valamint a környezeti és gazdasági hatásokat érintik. A felmérés célja, hogy feltárja, hogyan látják és értékelik ezeket a szereplők. Az egyes hipotézisek segítségével igyekszem feltárni, hogy a térség hogyan halad a fenntartható turizmus irányába, és milyen mértékben érhető el a négy évszakos desztinációvá válás célja. Célom egy átfogó kép kialakítása volt arról, hogy a Balaton-felvidék térsége milyen irányba fejlődik turisztikai szempontból, és hogy a jövőben milyen fejlesztési irányokra lenne szükség ahhoz, hogy a térség még fenntarthatóbbá és versenyképesebbé váljon a négy évszakos turizmus jegyében. Dolgozatomban bemutattam a Balaton-felvidék társadalmi és turisztikai jelentőségét, valamint feltérképeztem, milyen hatást gyakorol a térségben végbemenő fejlesztések a turistákra és utazási szokásaikra. A kutatás eredményei alapján megállapítható, hogy bár a Balaton jelentős fejlődésen ment és megy keresztül, a négy évszakos Balaton érdekében még sok a tennivaló. Kutatásom rámutatott arra is, hogy ennek a kihívásnak a kezelésében kulcsszerepet játszhatnak a helyi lakosok, nyaralótulajdonosok és vállalkozók. 
695 |a állami támogatások 
695 |a Balaton 
695 |a fejlesztések 
695 |a Széchenyi Terv 
695 |a turizmusfejlesztés 
700 1 |a Kovács dr. Miklós  |e ths 
856 4 0 |u http://dolgozattar.uni-bge.hu/60160/1/Turisztikai%20fejleszt%C3%A9sek%20vizsg%C3%A1lata%20a%20Balaton-felvid%C3%A9ken_Odrobina_Anett.pdf  |z Dokumentum-elérés 
856 4 0 |u http://dolgozattar.uni-bge.hu/60160/2/Szakdolgozat%20%C3%A9rt%C3%A9kel%C5%91%20Bsc_Odrobina%20Anett.pdf  |z Dokumentum-elérés 
856 4 0 |u http://dolgozattar.uni-bge.hu/60160/3/Bi%CC%81ra%CC%81lati%20lap_BSc_Odrobina%20Anett_LGEGHP.pdf  |z Dokumentum-elérés